Регионална библиотека "Любен Каравелов" - Русе

Пъстра китка (Запис номер 104968)

MARC детайли
000 -Лидер
Контролно поле с фиксирана дължина 01027nam a2200301 c 4500
003 - Код на организацията, давaща контролен номер
Контролно поле BLK
005 - Дата и час на последна редакция
Контролно поле 20240909102632.0
008 - Елементи от данни с фиксирана дължина
fixed length control field 180409b bul|||||r ||||||| ||bul||
010 ## - Наследен системен номер
LC control number KNG00110083000
020 ## - Международен стандартен номер на книга ISBN
Международен стандартен номер на книга ISBN 954-742-051-8
-- издат.: Слънце
040 ## - Източник на каталожния запис
Идентификатор на билиотеката - собственик на записа BLK
041 ## - Код за език
Код за езика на текст/звукозапис или на отделно заглавие Български
Код за езика КДБФ Български
080 ## - УДК
Текстов определител УДК Българска литература
УДК код - определител по УДК 821.163.2
УДК определител -93-1
УДК - код + определител 821.163.2-93-1
100 1# - Редна дума - Автор
Автор Томинска, Ели
Авторска отговорност първи автор
R(LIN) 262544
139 ## - Редно поле
Редна дума Томинска, Ели
Авторски знак Том - Т 69
245 10 - Сведения за заглавието
Заглавие Пъстра китка
Редно поле (дума) Ели Томинска; ил. Вихра Стоева.
257 ## - Страна на издаване
Страна на създаване/издаване България
260 ## - Област на издателските данни
-- София
Име на издателя, разпространителя и проч. Слънце
Година на издаване 2003
Печатница Костинброд : Мултипринт
300 ## - Физическа характеристика
Страници 64 с.
Илюстрации и др. с цв. ил.
Размери/Мащаб 20 см
380 ## - Жанр
Жанр Детска худож. лит.
700 1# - Други автори (авторска отговорност)
Лично име Стоева, Вихра
Автороска отговорност (Описва отношението между автора и произведението) ил.
9 (RLIN) 365792
852 ## - Местоположение
Форматна сигнатура Цб 217438
856 4# - Електронен адрес и достъп
Електронен формат pdf - файл
Път до файла /url/
856 4# - Електронен адрес и достъп
Електронен формат pdf - файл
Път до файла /url/
942 ## - АРТИКУЛИ
Вид на библиотечния материал Книги
Скрит в OPAC Не
Koha issues (borrowed), all copies 2
944 ## - СЪЗДАВАНЕ И РЕДАКЦИЯ на ЗАПИСА
Създаване/Редакция Създаване
Дата на регистрацията/редакция 09.01.2004
Служител, извършил регистрацията/редакцията 30543
Статус, дата на статуса Ива Цветкова
944 ## - СЪЗДАВАНЕ И РЕДАКЦИЯ на ЗАПИСА
Създаване/Редакция Редакция
Дата на регистрацията/редакция 12.10.2007
Служител, извършил регистрацията/редакцията
999 ## - СИСТЕМНИ КОНТРОЛНИ НОМЕРА
Koha biblionumber 104968
Koha biblioitemnumber 104968
Наличности
Код за отписване Код за изгубен артикул Код за повреда Коз за рестрикции Код за отдаване Артикулен № Име на библиотеката - собственик Име на библиотеката, в която се намира в момента Статус (Текущо местоположение) Дата на вписване в системата Местоположение - отдел Цена в лева Инвентарен номер Систематично азбучна сигнатура Баркод Номер на екземпляра Цена в евро Служебна бележка Служебен тип на артикула Бележка за публиката
  Не е изгубен Не е повреден без рестрикции ползва се в читалня 169628 Регионална библиотека "Любен Каравелов" Русе Регионална библиотека "Любен Каравелов" Русе Хранилище 2004-01-09 Хранилище 4.00 120000681638 Цб 217438 120000681638 1 2.05 Дост: Dp Вид: Д N: 3 Дата: 03.01.2003 Книги  
Изтеглен Не е изгубен Не е повреден без рестрикции заемане за дома 169629 Регионална библиотека "Любен Каравелов" Русе Регионална библиотека "Любен Каравелов" Русе   2007-10-11 Детски отдел 4.00 120000718060 Д 886.7/Т 69 120000718060 2 2.05 Дост: Pk Вид: Ф N: 9218 Дата: 01.10.2007 Дата инв: 29.09.2015 Бележки инв: Д2015 Книги Отч.N: 31/2017 , Дата: 01.09.2017
  Не е изгубен Не е повреден без рестрикции заемане за дома 169630 Регионална библиотека "Любен Каравелов" Русе Регионална библиотека "Любен Каравелов" Русе Детски отдел 2007-10-11 Детски отдел 4.00 120000718061 Д 886.7/Т 69 120000718061 3 2.05 Дост: Pk Вид: Ф N: 9218 Дата: 01.10.2007 Дата инв: 05.08.2015 Бележки инв: Д2015 Книги  
  Не е изгубен Не е повреден без рестрикции заемане за дома 169631 Регионална библиотека "Любен Каравелов" Русе Регионална библиотека "Любен Каравелов" Русе Детски отдел 2007-10-11 Детски отдел 4.00 120000718062 Д 886.7/Т 69 120000718062 4 2.05 Дост: Pk Вид: Ф N: 9218 Дата: 01.10.2007 Дата инв: 29.09.2015 Бележки инв: Д2015 Книги  
Vip Innovations Ltd, Rousse, Bulgaria 2025